| 000 | 00542nam a2200181Ia 4500 | ||
|---|---|---|---|
| 008 | 220216s9999 xx 000 0 und d | ||
| 100 | _aJayasree P K | ||
| 245 | 0 | _aAnatomical changes during acclimatization in somatic embryogenesis-derived plants of Hevea brasiliensis | |
| 260 |
_bNatural Rubber Research _c2009 |
||
| 300 | _a156-162 | ||
| 650 | _aAcclimatization | ||
| 650 | _aAnatomical changes | ||
| 650 | _aIn vitro culture | ||
| 650 | _aSomatic embryogenesis | ||
| 700 | _aThomas V | ||
| 700 | _aThulaseedharan A | ||
| 942 | _cBS | ||
| 999 |
_c48800 _d48800 |
||